000 00709nam a2200205Ia 4500
005 20260121110013.0
008 008 260114s9999 xx 000 0 hin d
020 _a9788132372547
037 _aEBOOK
040 _aCRL
_bhin
_cCRL
041 _ahin
_2hin
084 _qCRL
100 _aजीवन परिकर / Jeevan Parikar
_9940869
245 0 _aजीव विज्ञान में सेलुलर प्रक्रियाएं / Jeev vigyaan mein koshika prakriyaayein
260 _bभाषा प्रकाशन / Bhasha Prakashan
_c2022
856 _uhttps://bhashaprakashan.com/product-details/380364
942 _cEBOOK
999 _c1532534
_d1532534